Statistics for Activities by Emoji

Click here to take the quiz!

General Stats

  • This quiz has been taken 157 times
  • The average score is 12 of 14

Answer Stats

HintAnswer% Correct
🏀Basketball
98%
🏈Football
95%
Baseball
94%
🥊Boxing
93%
Soccer
92%
⛸️Skating
91%
🎾Tennis
91%
🏄Surfing
88%
🏐Volleyball
82%
🏸Badminton
80%
🏉Rugby
77%
🤹Juggling
70%
🚣Rowing
65%
🚴Biking
60%

Score Distribution

Percentile by Number Answered

Percent of People with Each Score

Your Score History

You have not taken this quiz